000 00884nam a22002657a 4500
005 20100813115918.0
010 _aENG-100653
020 _c500.00
_a9788190337106
020 _c500.00
_a9788190337175
035 _aEN-84186
037 _bDBAD/PUB
082 _a921
100 _aSarup, Leela Gujadhur
_915391
245 _aUnravelling the thread the Gujadhurs of mauritius /
_cby Leela Gujadhur Sarup
250 _a2nd ed.
260 _aKolkata
_bAldrich International
_c2008
270 _bKolkata
_e700016
300 _axi, 285p.
_c28cm (pbk)
_bill
500 _aIncludes bibliographical references
650 _aIndustrialists mavritius biography
_915392
650 _aGujuclhur family
_915393
700 _913933
942 _2ddc
_cEN
_h921
_mSAR
999 _c42143
_d42143